[Event "MrDodgy Invitational 2"]
[Site "chess24.com INT"]
[Date "2021.05.12"]
[Round "1.1"]
[White "Giri, Anish"]
[Black "Cuenca Jimenez, Jose Fernando"]
[Result "1-0"]
[WhiteTitle "GM"]
[BlackTitle "GM"]
[WhiteElo "2780"]
[BlackElo "2524"]
[WhiteFideId "24116068"]
[BlackFideId "2255570"]
[EventDate "2021.05.12"]
[EventType "k.o."]

1. e4 d6 2. d4 Nf6 3. Nc3 e5 4. Nf3 Nbd7 5. Bc4 Be7 6. O-O O-O 7. a4 c6 8. Re1
h6 9. h3 Re8 10. Be3 exd4 11. Bxd4 Nf8 12. Qd2 Be6 13. Bf1 d5 14. exd5 Nxd5 15.
Ne4 Nf6 16. Nc5 Bxc5 17. Bxc5 Qxd2 18. Nxd2 b6 19. Bd4 Rad8 20. Bxf6 gxf6 21.
Ne4 Kg7 22. a5 Bf5 23. Nd6 Rxe1 24. Nxf5+ Kg6 25. Rxe1 Kxf5 26. Bd3+ Kg5 27. Re7
Rd7 28. f4+ Kh4 29. Rxd7 Nxd7 30. Kh2 bxa5 31. Be2 1-0

[Event "MrDodgy Invitational 2"]
[Site "chess24.com INT"]
[Date "2021.05.12"]
[Round "1.2"]
[White "Cuenca Jimenez, Jose Fernando"]
[Black "Giri, Anish"]
[Result "0-1"]
[WhiteTitle "GM"]
[BlackTitle "GM"]
[WhiteElo "2524"]
[BlackElo "2780"]
[WhiteFideId "2255570"]
[BlackFideId "24116068"]
[EventDate "2021.05.12"]
[EventType "k.o."]

1. e4 c5 2. Nc3 g6 3. Nf3 Bg7 4. d4 cxd4 5. Nxd4 Nc6 6. Be3 Nf6 7. Bc4 O-O 8.
Bb3 d6 9. f3 Qa5 10. Qd2 Nxd4 11. Bxd4 Be6 12. O-O Nd7 13. Bxg7 Kxg7 14. Rad1
Nf6 15. Qd4 Rac8 16. Rfe1 Qc5 17. e5 dxe5 18. Rxe5 Qxd4+ 19. Rxd4 Bxb3 20. axb3
e6 21. Re2 a6 22. Kf2 Rc7 23. Ne4 Nd5 24. c3 a5 25. Rc4 Rd7 26. Rd2 Rfd8 27.
Rcd4 b6 28. g3 e5 29. R4d3 f5 30. c4 Nf6 31. Rxd7+ Rxd7 32. Rxd7+ Nxd7 33. Nc3
Kf7 34. Nd5 Ke6 35. Ke3 Kd6 36. Kd3 b5 37. Kc3 b4+ 38. Kc2 Nc5 39. Ne3 Ne6 40.
Kd3 Nd4 41. f4 Nxb3 42. fxe5+ Kxe5 43. Nd5 g5 44. Ne7 Ke6 45. Nc6 Kd6 46. Nd8
Nc5+ 47. Ke3 a4 48. Kd2 Ne6 49. Nb7+ Kc6 50. Na5+ Kb6 0-1

[Event "MrDodgy Invitational 2"]
[Site "chess24.com INT"]
[Date "2021.05.12"]
[Round "1.3"]
[White "Giri, Anish"]
[Black "Cuenca Jimenez, Jose Fernando"]
[Result "1-0"]
[WhiteTitle "GM"]
[BlackTitle "GM"]
[WhiteElo "2780"]
[BlackElo "2524"]
[WhiteFideId "24116068"]
[BlackFideId "2255570"]
[EventDate "2021.05.12"]
[EventType "k.o."]

1. d4 d6 2. Nf3 Nf6 3. c4 g6 4. Nc3 Bg7 5. e4 O-O 6. Be2 Bg4 7. Be3 Nfd7 8. O-O
Nc6 9. d5 Bxf3 10. Bxf3 Na5 11. Be2 Bxc3 12. bxc3 e5 13. dxe6 fxe6 14. Qd2 b6
15. f4 Qe7 16. Rae1 Nb7 17. Qc2 Nbc5 18. Rf2 Rf7 19. Ref1 Raf8 20. g3 e5 21. f5
g5 22. f6 Nxf6 23. Bxg5 Qe6 24. Bxf6 Rxf6 25. Rf5 Rxf5 26. exf5 Qh6 27. Kg2 Qe3
28. Rf3 Qe4 29. Qxe4 Nxe4 30. g4 Kg7 31. h4 h6 32. Bd3 Nc5 33. Bc2 Kf6 34. Rg3
Rg8 35. Kf3 c6 36. Be4 Nxe4 37. Kxe4 d5+ 38. cxd5 cxd5+ 39. Kxd5 h5 40. g5+ Kxf5
41. g6 e4 42. g7 Kf4 43. Rg1 e3 44. Ke6 e2 45. Kf7 Rc8 46. g8=Q Rxg8 47. Kxg8
Kf3 48. Kg7 Kf2 49. Rb1 e1=Q 50. Rxe1 Kxe1 51. Kg6 Kd2 52. Kxh5 Kxc3 53. Kg6 b5
54. h5 b4 55. h6 Kb2 56. h7 Kxa2 57. h8=Q b3 58. Qd4 b2 59. Qa4+ Kb1 60. Qxa7
Kc1 61. Qc5+ Kb1 62. Qc4 Ka1 63. Qa4+ Kb1 64. Kf5 Kc1 65. Qc4+ Kb1 66. Ke4 Ka1
67. Qa4+ Kb1 68. Kd3 Kc1 69. Qc2# 1-0

[Event "MrDodgy Invitational 2"]
[Site "chess24.com INT"]
[Date "2021.05.12"]
[Round "1.4"]
[White "Cuenca Jimenez, Jose Fernando"]
[Black "Giri, Anish"]
[Result "0-1"]
[WhiteTitle "GM"]
[BlackTitle "GM"]
[WhiteElo "2524"]
[BlackElo "2780"]
[WhiteFideId "2255570"]
[BlackFideId "24116068"]
[EventDate "2021.05.12"]
[EventType "k.o."]

1. e4 c5 2. Nc3 Nc6 3. Nf3 e5 4. Bc4 d6 5. d3 Be7 6. O-O Nf6 7. Ng5 O-O 8. f4
Bg4 9. Qe1 exf4 10. Bxf4 Nd4 11. Qf2 Bh5 12. Nf3 Bxf3 13. gxf3 Qd7 14. Nd5 b5
15. Nxf6+ Bxf6 16. Bd5 Ne6 17. Be3 Rab8 18. c3 b4 19. d4 bxc3 20. bxc3 cxd4 21.
cxd4 Rb4 22. Rad1 Rfb8 23. Rd2 a5 24. Kh1 Nc7 25. Bb3 a4 26. Bd1 Nb5 27. e5 Be7
28. f4 Bf8 29. Bf3 Qf5 30. Qg2 Qg6 31. Qh3 dxe5 32. dxe5 Rb1 33. Rdd1 Nc3 34. f5
Qa6 35. Rxb1 Rxb1 36. Rxb1 Nxb1 37. e6 Qc4 38. exf7+ Qxf7 39. Qg2 Nc3 40. Bd4
Qc4 41. Bxc3 Qxc3 42. Bd5+ Kh8 43. Qe4 Qa1+ 44. Kg2 Qb2+ 45. Kh1 Qc1+ 46. Kg2
Qd2+ 47. Kh1 Qc1+ 48. Kg2 Qg5+ 49. Kh1 Qd8 50. Qe6 Be7 51. Kg2 a3 52. Bb3 Qf8
53. Qf7 Qa8+ 54. Bd5 Qd8 55. Qe6 Bf6 56. Qf7 Qb8 57. Qe6 Be5 58. Kf3 Bb2 59. Qf7
Qc8 60. Qe6 Qd8 61. Qf7 Be5 62. Qe6 Bf6 63. Qf7 h6 64. Qe6 Kh7 65. Qf7 Qb8 66.
Qe6 Bg5 67. Ke4 Qb1+ 68. Kf3 Qf1+ 69. Ke4 Qe2+ 70. Kd4 Qb2+ 71. Kc4 Qb8 72. Kc5
Bf6 73. Kc4 Qf8 74. Kd3 Qd8 75. Ke4 h5 76. Kd3 Kh6 77. Ke4 Kg5 78. Qf7 Kh4 79.
Kd3 Qd6 80. Qe6 Qxh2 81. Qe4+ Kg5 82. Qe3+ Qf4 83. Qxf4+ Kxf4 0-1

[Event "MrDodgy Invitational 2"]
[Site "chess24.com INT"]
[Date "2021.05.12"]
[Round "1.5"]
[White "Giri, Anish"]
[Black "Cuenca Jimenez, Jose Fernando"]
[Result "1-0"]
[WhiteTitle "GM"]
[BlackTitle "GM"]
[WhiteElo "2780"]
[BlackElo "2524"]
[WhiteFideId "24116068"]
[BlackFideId "2255570"]
[EventDate "2021.05.12"]
[EventType "k.o."]

1. Nf3 Nf6 2. g3 d5 3. Bg2 e6 4. O-O Be7 5. c4 O-O 6. d4 dxc4 7. Qc2 a6 8. a4
Bd7 9. Qxc4 Bc6 10. Bg5 Bd5 11. Qc2 Be4 12. Qc1 h6 13. Bxf6 Bxf6 14. Nbd2 Bh7
15. Nb3 a5 16. Rd1 c6 17. Qc3 Nd7 18. Ne5 Nb6 19. Nxa5 Nd5 20. Bxd5 Qxa5 21. Bb3
Rfd8 22. Qxa5 Rxa5 23. e3 Be4 24. Nc4 Ra6 25. Nd2 Bg6 26. Bc4 Raa8 27. a5 e5 28.
Nb3 Bc2 29. Rd2 Bxb3 30. Bxb3 exd4 31. e4 Be7 32. Ra4 Ra7 33. Raxd4 Rxd4 34.
Rxd4 Rxa5 35. Rd7 Kf8 36. Rxb7 Rb5 37. Rc7 Rxb3 38. Rc8+ Bd8 39. Rxd8+ Ke7 40.
Rd2 g5 41. Kg2 Ke6 42. Rc2 c5 43. Rxc5 Rxb2 44. Rc6+ Ke5 45. Rxh6 Kxe4 46. Rf6
Rb7 47. g4 1-0

[Event "MrDodgy Invitational 2"]
[Site "chess24.com INT"]
[Date "2021.05.12"]
[Round "1.6"]
[White "Cuenca Jimenez, Jose Fernando"]
[Black "Giri, Anish"]
[Result "0-1"]
[WhiteTitle "GM"]
[BlackTitle "GM"]
[WhiteElo "2524"]
[BlackElo "2780"]
[WhiteFideId "2255570"]
[BlackFideId "24116068"]
[EventDate "2021.05.12"]
[EventType "k.o."]

1. c4 e5 2. Nc3 Nf6 3. Nf3 e4 4. Ng5 c6 5. d3 exd3 6. Qxd3 d5 7. e4 h6 8. Nf3
dxe4 9. Nxe4 Qe7 10. Nd2 Bf5 11. f3 Na6 12. Be2 Bxe4 13. Nxe4 Nxe4 14. Qxe4 Qxe4
15. fxe4 Bb4+ 16. Bd2 O-O-O 17. O-O-O Bxd2+ 18. Rxd2 Nc5 19. Bf3 Nd3+ 20. Kb1
Ne5 21. Rxd8+ Rxd8 22. b3 Rd2 23. Rc1 Nxf3 24. gxf3 Rxh2 25. Rg1 g6 26. Rg3 Rf2 0-1

[Event "MrDodgy Invitational 2"]
[Site "chess24.com INT"]
[Date "2021.05.12"]
[Round "1.7"]
[White "Giri, Anish"]
[Black "Cuenca Jimenez, Jose Fernando"]
[Result "1-0"]
[WhiteTitle "GM"]
[BlackTitle "GM"]
[WhiteElo "2780"]
[BlackElo "2524"]
[WhiteFideId "24116068"]
[BlackFideId "2255570"]
[EventDate "2021.05.12"]
[EventType "k.o."]

1. e4 d6 2. f4 Nf6 3. Nc3 e5 4. Nf3 Be7 5. Bc4 exf4 6. d4 Nxe4 7. Nxe4 d5 8. Bd3
dxe4 9. Bxe4 Bd6 10. O-O O-O 11. c4 c6 12. Qc2 g6 13. Bd2 Nd7 14. Rae1 Nf6 15.
Bd3 Nh5 16. Bc3 Bg4 17. Ne5 Be6 18. d5 cxd5 19. Nxg6 hxg6 20. Bxg6 Bc5+ 21. Kh1
d4 22. Bxh5 Qh4 23. Re5 Bd6 24. Rxe6 fxe6 25. Qg6+ Kh8 26. Qh6+ Kg8 27. Qxe6+ 1-0

[Event "MrDodgy Invitational 2"]
[Site "chess24.com INT"]
[Date "2021.05.12"]
[Round "1.1"]
[White "Dubov, Daniil"]
[Black "Williams, Simon K"]
[Result "1-0"]
[WhiteTitle "GM"]
[BlackTitle "GM"]
[WhiteElo "2710"]
[BlackElo "2464"]
[WhiteFideId "24126055"]
[BlackFideId "404454"]
[EventDate "2021.05.12"]
[EventType "k.o."]

1. e4 e6 2. d4 d5 3. e5 c5 4. c3 Nc6 5. Nf3 Bd7 6. Na3 cxd4 7. cxd4 Rc8 8. Nc2
Nb4 9. Nxb4 Bxb4+ 10. Bd2 Qa5 11. Bd3 Bb5 12. O-O Bxd2 13. Qxd2 Qa6 14. Bxb5+
Qxb5 15. Qg5 Ne7 16. Qxg7 Rg8 17. Qxh7 Qe2 18. Rfe1 Qxb2 19. Rab1 Qc2 20. Qxc2
Rxc2 21. Rxb7 Rxa2 22. Rc1 Kf8 23. h4 Nf5 24. Ng5 Kg7 25. Nxe6+ Kh6 26. Rxf7
Nxh4 27. g3 Ra3 28. Rc6 Nf3+ 29. Kg2 Kh5 30. Rxf3 1-0

[Event "MrDodgy Invitational 2"]
[Site "chess24.com INT"]
[Date "2021.05.12"]
[Round "1.2"]
[White "Williams, Simon K"]
[Black "Dubov, Daniil"]
[Result "0-1"]
[WhiteTitle "GM"]
[BlackTitle "GM"]
[WhiteElo "2464"]
[BlackElo "2710"]
[WhiteFideId "404454"]
[BlackFideId "24126055"]
[EventDate "2021.05.12"]
[EventType "k.o."]

1. e4 c5 2. Nf3 d6 3. d4 cxd4 4. Nxd4 Nf6 5. Nc3 Nc6 6. Bg5 e6 7. Qd3 Bd7 8.
O-O-O a6 9. f4 Be7 10. Nxc6 Bxc6 11. Kb1 O-O 12. h4 b5 13. Bxf6 Bxf6 14. Ne2 Qa5
15. Nd4 Rac8 16. g4 Bxd4 17. Qxd4 e5 18. Qe3 exf4 19. Qxf4 Bd7 20. h5 Be6 21. a3
b4 22. h6 bxa3 23. hxg7 Ba2+ 24. Kxa2 axb2+ 25. Kxb2 Qc3+ 26. Ka2 Qxc2+ 27. Ka1
Qxd1+ 0-1

[Event "MrDodgy Invitational 2"]
[Site "chess24.com INT"]
[Date "2021.05.12"]
[Round "1.3"]
[White "Dubov, Daniil"]
[Black "Williams, Simon K"]
[Result "1-0"]
[WhiteTitle "GM"]
[BlackTitle "GM"]
[WhiteElo "2710"]
[BlackElo "2464"]
[WhiteFideId "24126055"]
[BlackFideId "404454"]
[EventDate "2021.05.12"]
[EventType "k.o."]

1. d4 e6 2. Nf3 f5 3. Bg5 Be7 4. h4 Nf6 5. Nbd2 O-O 6. Bxf6 Bxf6 7. e4 d5 8. e5
Be7 9. c4 c5 10. cxd5 exd5 11. Rc1 cxd4 12. Bb5 Nc6 13. O-O Qb6 14. Qb3 Na5 15.
Qa4 a6 16. Bd7 Qb4 17. Rfd1 Qxa4 18. Bxa4 d3 19. Nf1 b5 20. Bb3 Nc4 21. Ne3 Bb7
22. Rxd3 Rad8 23. Rcd1 Nxb2 24. Nxd5 Nxd3 25. Nxe7+ Kh8 26. Ng5 Nxe5 27. Re1 Ng6
28. Nf7+ Rxf7 29. Nxg6+ hxg6 30. Bxf7 Kh7 31. Re6 Bd5 32. Bxg6+ Kg8 33. Rxa6 f4
34. a3 Bf7 35. h5 Kf8 36. Rb6 Bxg6 37. hxg6 Ra8 38. Rxb5 Rxa3 39. Rf5+ Ke7 40.
Rxf4 Ke6 41. Rf7 Ra1+ 42. Kh2 Ra2 43. f3 1-0

[Event "MrDodgy Invitational 2"]
[Site "chess24.com INT"]
[Date "2021.05.12"]
[Round "1.4"]
[White "Williams, Simon K"]
[Black "Dubov, Daniil"]
[Result "1/2-1/2"]
[WhiteTitle "GM"]
[BlackTitle "GM"]
[WhiteElo "2464"]
[BlackElo "2710"]
[WhiteFideId "404454"]
[BlackFideId "24126055"]
[EventDate "2021.05.12"]
[EventType "k.o."]

1. d4 Nf6 2. c4 c5 3. d5 b5 4. cxb5 a6 5. Nc3 axb5 6. e4 b4 7. Nb5 d6 8. Bc4
Nbd7 9. Nf3 Nb6 10. b3 g6 11. Bb2 Bg7 12. O-O O-O 13. Re1 Bg4 14. h3 Bxf3 15.
Qxf3 Nfd7 16. Bxg7 Kxg7 17. Bf1 Kh8 18. a4 bxa3 19. Qc3+ Kg8 20. Nxa3 Nf6 21.
Qc2 Qc7 22. Nb5 Qd7 23. Nc3 Qc7 24. Bb5 Rxa1 25. Rxa1 Ra8 26. Re1 Nbd7 27. Bc6
Ra5 28. f4 e5 29. dxe6 Qxc6 30. exd7 Qxd7 31. Qd2 Ra8 32. Rd1 Qb7 33. e5 dxe5
34. fxe5 Ne4 35. Nxe4 Qxe4 36. Qd5 Qxd5 37. Rxd5 Ra3 38. Rxc5 Rxb3 39. Kf2 Kg7
40. Rc7 Rb2+ 41. Kf3 Rb3+ 42. Kf2 Rb6 43. Kf3 h6 44. h4 g5 45. hxg5 hxg5 46. Rd7
Rb4 47. e6 Rf4+ 48. Kg3 Rf6 49. Rxf7+ Rxf7 50. exf7 Kxf7 51. Kg4 Kg6 52. g3 Kf6
53. Kf3 Kf5 54. g4+ Ke5 55. Ke3 Kd5 56. Kd3 Ke5 57. Ke3 Kd5 58. Kd3 Ke5 59. Ke3 1/2-1/2

[Event "MrDodgy Invitational 2"]
[Site "chess24.com INT"]
[Date "2021.05.12"]
[Round "1.5"]
[White "Dubov, Daniil"]
[Black "Williams, Simon K"]
[Result "1-0"]
[WhiteTitle "GM"]
[BlackTitle "GM"]
[WhiteElo "2710"]
[BlackElo "2464"]
[WhiteFideId "24126055"]
[BlackFideId "404454"]
[EventDate "2021.05.12"]
[EventType "k.o."]

1. c4 f5 2. Nf3 Nf6 3. g3 d6 4. d4 e6 5. Bg2 Be7 6. O-O O-O 7. Nc3 Ne4 8. Qc2
Nxc3 9. bxc3 Nc6 10. c5 dxc5 11. Rd1 Qe8 12. Rb1 Kh8 13. h4 Bf6 14. Ba3 Be7 15.
e4 f4 16. e5 cxd4 17. Bxe7 Qxe7 18. cxd4 Nb4 19. Rxb4 Qxb4 20. Ng5 g6 21. Qxc7 1-0

[Event "MrDodgy Invitational 2"]
[Site "chess24.com INT"]
[Date "2021.05.12"]
[Round "1.6"]
[White "Williams, Simon K"]
[Black "Dubov, Daniil"]
[Result "0-1"]
[WhiteTitle "GM"]
[BlackTitle "GM"]
[WhiteElo "2464"]
[BlackElo "2710"]
[WhiteFideId "404454"]
[BlackFideId "24126055"]
[EventDate "2021.05.12"]
[EventType "k.o."]

1. d4 Nf6 2. Nf3 d5 3. c4 e6 4. Nc3 c6 5. Bg5 dxc4 6. e4 b5 7. e5 h6 8. Bh4 g5
9. Bg3 Nd5 10. Nd2 Nd7 11. Be2 Qb6 12. a4 Bb7 13. Nde4 Nxc3 14. Nxc3 Bb4 15. O-O
O-O-O 16. axb5 cxb5 17. Bf3 h5 18. h4 gxh4 19. Bxh4 Rdg8 20. Ne4 a5 21. Kh1 Bxe4
22. Bxe4 Rg4 0-1

[Event "MrDodgy Invitational 2"]
[Site "chess24.com INT"]
[Date "2021.05.12"]
[Round "1.7"]
[White "Dubov, Daniil"]
[Black "Williams, Simon K"]
[Result "1-0"]
[WhiteTitle "GM"]
[BlackTitle "GM"]
[WhiteElo "2710"]
[BlackElo "2464"]
[WhiteFideId "24126055"]
[BlackFideId "404454"]
[EventDate "2021.05.12"]
[EventType "k.o."]

1. e4 e6 2. b3 d5 3. Bb2 Nf6 4. d3 dxe4 5. Nd2 Bc5 6. dxe4 Nc6 7. Bb5 O-O 8.
Bxc6 bxc6 9. Ngf3 a5 10. O-O a4 11. c4 Nd7 12. e5 Be7 13. Ne4 Nc5 14. Nxc5 Bxc5
15. Qc2 Qe7 16. Rad1 Bb7 17. Bc1 f6 18. exf6 Qxf6 19. Rfe1 axb3 20. axb3 Bb4 21.
Ng5 Qf5 22. Qxf5 Rxf5 23. Rxe6 h6 24. Nf3 c5 25. Be3 Bxf3 26. gxf3 Rxf3 27. Re7
Rf7 28. Rxf7 Kxf7 29. Rd7+ Kf6 30. Rxc7 Ra3 31. Rb7 g5 32. Rb6+ Kf5 33. Rxh6
Rxb3 34. Rh5 Rc3 35. Rxg5+ Ke4 36. Bxc5 Kf4 37. Bxb4 Rc1+ 38. Kg2 1-0

[Event "MrDodgy Invitational 2"]
[Site "chess24.com INT"]
[Date "2021.05.12"]
[Round "1.1"]
[White "Vidit, Santosh Gujrathi"]
[Black "Nielsen, Peter Heine"]
[Result "0-1"]
[WhiteTitle "GM"]
[BlackTitle "GM"]
[WhiteElo "2726"]
[BlackElo "2618"]
[WhiteFideId "5029465"]
[BlackFideId "1400355"]
[EventDate "2021.05.12"]
[EventType "k.o."]

1. d4 Nf6 2. c4 g6 3. Nc3 Bg7 4. g3 d5 5. cxd5 Nxd5 6. Bg2 Be6 7. Nf3 O-O 8. O-O
Nxc3 9. bxc3 c5 10. Ba3 Na6 11. Qa4 Bd5 12. Rfd1 Qc7 13. dxc5 Rfd8 14. Rd3 Nxc5
15. Bxc5 Qxc5 16. Rad1 Rd6 17. Qb4 Qxb4 18. cxb4 Bxa2 19. Rxd6 exd6 20. Rxd6 Bf8
21. Rd7 Bxb4 22. Rxb7 a5 23. Ne5 Rd8 24. Bf3 Be6 25. Nc6 Rd1+ 26. Kg2 Bc3 27.
Ra7 Ra1 28. Nd8 Bb3 29. Rc7 Bf6 30. Nb7 a4 31. Nc5 Rc1 32. Rc8+ Kg7 33. Ne6+
Bxe6 34. Rxc1 a3 35. Bc6 a2 36. e4 Bb2 37. Re1 Bb3 38. f4 Bc2 39. Bd5 a1=Q 40.
Rxa1 Bxa1 41. Kf3 f6 42. g4 g5 43. h4 gxf4 44. Kxf4 Be5+ 45. Kf3 h6 46. Be6 Kf8
47. Bf5 Ke7 48. g5 fxg5 49. hxg5 hxg5 50. Kg4 Kf6 51. Bh7 Bd1+ 52. Kh3 g4+ 53.
Kh4 g3 54. Kh3 Kg5 55. Bf5 Kf4 56. Kg2 Bf3+ 57. Kh3 g2 58. Kh2 Bd4 0-1

[Event "MrDodgy Invitational 2"]
[Site "chess24.com INT"]
[Date "2021.05.12"]
[Round "1.2"]
[White "Nielsen, Peter Heine"]
[Black "Vidit, Santosh Gujrathi"]
[Result "0-1"]
[WhiteTitle "GM"]
[BlackTitle "GM"]
[WhiteElo "2618"]
[BlackElo "2726"]
[WhiteFideId "1400355"]
[BlackFideId "5029465"]
[EventDate "2021.05.12"]
[EventType "k.o."]

1. c4 c5 2. g3 Nc6 3. Bg2 g6 4. Nc3 Bg7 5. Nf3 d6 6. O-O Rb8 7. e3 Nf6 8. d4 O-O
9. b3 cxd4 10. Nxd4 Nxd4 11. exd4 a6 12. a4 Bg4 13. Qd2 Qd7 14. Re1 Rfe8 15. Bb2
Bh3 16. Bh1 h5 17. d5 h4 18. Ne4 Bf5 19. Nxf6+ Bxf6 20. Re2 h3 21. Rae1 Bxb2 22.
Qxb2 b5 23. cxb5 axb5 24. a5 b4 25. Qd4 Qb5 26. Ra2 Ra8 27. Rea1 Rec8 28. Ra4
Rxa5 29. Bf3 Rxa4 30. bxa4 Qa5 31. g4 Bc2 32. Be2 b3 33. Bd1 Qe1# 0-1

[Event "MrDodgy Invitational 2"]
[Site "chess24.com INT"]
[Date "2021.05.12"]
[Round "1.3"]
[White "Vidit, Santosh Gujrathi"]
[Black "Nielsen, Peter Heine"]
[Result "1/2-1/2"]
[WhiteTitle "GM"]
[BlackTitle "GM"]
[WhiteElo "2726"]
[BlackElo "2618"]
[WhiteFideId "5029465"]
[BlackFideId "1400355"]
[EventDate "2021.05.12"]
[EventType "k.o."]

1. Nf3 Nf6 2. g3 c5 3. Bg2 Nc6 4. O-O e5 5. e4 g6 6. d3 Bg7 7. Nc3 O-O 8. Bg5 h6
9. Bxf6 Bxf6 10. Nd5 Bg7 11. c3 d6 12. a3 Ne7 13. Nxe7+ Qxe7 14. b4 b6 15. Nd2
Ba6 16. Qe2 Rac8 17. Rfd1 h5 18. h4 Rc7 19. Nf1 c4 20. Ne3 cxd3 21. Qb2 Bc4 22.
Nxc4 Rxc4 23. Rxd3 Rfc8 24. Rad1 Bf8 25. Re3 Bh6 26. Red3 Bf8 27. Re3 Bh6 28.
Red3 Bf8 1/2-1/2

[Event "MrDodgy Invitational 2"]
[Site "chess24.com INT"]
[Date "2021.05.12"]
[Round "1.4"]
[White "Nielsen, Peter Heine"]
[Black "Vidit, Santosh Gujrathi"]
[Result "0-1"]
[WhiteTitle "GM"]
[BlackTitle "GM"]
[WhiteElo "2618"]
[BlackElo "2726"]
[WhiteFideId "1400355"]
[BlackFideId "5029465"]
[EventDate "2021.05.12"]
[EventType "k.o."]

1. c4 c5 2. g3 g6 3. Bg2 Bg7 4. Nc3 Nc6 5. Nf3 d6 6. O-O Bg4 7. h3 Bxf3 8. Bxf3
e6 9. Bg2 Nge7 10. b3 O-O 11. Bb2 d5 12. d3 Rc8 13. Qd2 b6 14. Na4 Bxb2 15. Qxb2
d4 16. a3 Qd6 17. Rab1 Rb8 18. Qd2 Kg7 19. b4 cxb4 20. axb4 b5 21. Nc5 Rfd8 22.
Rfc1 bxc4 23. dxc4 a5 24. Ne4 Qe5 25. b5 Nb4 26. h4 h6 27. Qb2 Qc7 28. Nd2 e5
29. Nf3 f6 30. Qa3 Nf5 31. Rxb4 axb4 32. Qxb4 e4 33. Nh2 e3 34. Nf1 exf2+ 35.
Kxf2 d3 36. exd3 Rxd3 37. Re1 Qb6+ 38. c5 Qxb5 39. Qxb5 Rxb5 40. c6 Rc3 41. Rd1
Rb2+ 42. Kg1 Kf8 43. Rd8+ Ke7 44. Rd7+ Ke6 45. Bd5+ Ke5 46. c7 Nxg3 47. Nxg3
Rxg3+ 48. Kf1 Rc3 49. Bf7 Rc1+ 0-1

[Event "MrDodgy Invitational 2"]
[Site "chess24.com INT"]
[Date "2021.05.12"]
[Round "1.5"]
[White "Vidit, Santosh Gujrathi"]
[Black "Nielsen, Peter Heine"]
[Result "0-1"]
[WhiteTitle "GM"]
[BlackTitle "GM"]
[WhiteElo "2726"]
[BlackElo "2618"]
[WhiteFideId "5029465"]
[BlackFideId "1400355"]
[EventDate "2021.05.12"]
[EventType "k.o."]

1. d4 Nf6 2. c4 g6 3. g3 d5 4. cxd5 c6 5. Bg2 cxd5 6. Nf3 Bg7 7. O-O O-O 8. Ne5
Ng4 9. Nf3 Nf6 10. Nc3 b6 11. Bf4 Bb7 12. Rc1 Nc6 13. Ne5 Rc8 14. Qd2 e6 15.
Rfd1 Nxe5 16. Bxe5 Qd7 17. Qf4 Nh5 18. Qd2 Nf6 19. h3 Rfd8 20. Qd3 Ne8 21. g4
Qe7 22. e3 Nd6 23. b3 Rc6 24. Ne2 Rdc8 25. Rxc6 Rxc6 26. Rc1 Rxc1+ 27. Nxc1 Bxe5
28. dxe5 Ne4 29. Ne2 Qc7 30. f3 Nc5 31. Qc3 a5 32. a3 Ba6 33. Nf4 Qd7 34. g5 Qb5
35. b4 axb4 36. axb4 Nd7 37. h4 Qc4 38. Qd4 Qc1+ 39. Kf2 Bc4 40. e4 Qxf4 0-1

[Event "MrDodgy Invitational 2"]
[Site "chess24.com INT"]
[Date "2021.05.12"]
[Round "1.6"]
[White "Nielsen, Peter Heine"]
[Black "Vidit, Santosh Gujrathi"]
[Result "0-1"]
[WhiteTitle "GM"]
[BlackTitle "GM"]
[WhiteElo "2618"]
[BlackElo "2726"]
[WhiteFideId "1400355"]
[BlackFideId "5029465"]
[EventDate "2021.05.12"]
[EventType "k.o."]

1. c4 c5 2. g3 g6 3. Bg2 Bg7 4. Nc3 Nc6 5. Nf3 d6 6. O-O Bg4 7. h3 Bxf3 8. Bxf3
e6 9. Bg2 Nge7 10. b3 O-O 11. Bb2 d5 12. d3 Qd7 13. Qd2 b6 14. Rac1 Rac8 15.
Rfd1 Rfd8 16. Na4 d4 17. a3 Qd6 18. b4 h5 19. h4 Nf5 20. Rb1 Bh6 21. Qe1 Ne5 22.
Bc1 Bxc1 23. Rdxc1 Rc7 24. bxc5 bxc5 25. Qa5 Ng4 26. Qe1 Qa6 27. Qd1 Nfe3 28.
fxe3 Nxe3 29. Qb3 Qd6 30. Kf2 Ng4+ 0-1

[Event "MrDodgy Invitational 2"]
[Site "chess24.com INT"]
[Date "2021.05.12"]
[Round "1.7"]
[White "Vidit, Santosh Gujrathi"]
[Black "Nielsen, Peter Heine"]
[Result "0-1"]
[WhiteTitle "GM"]
[BlackTitle "GM"]
[WhiteElo "2726"]
[BlackElo "2618"]
[WhiteFideId "5029465"]
[BlackFideId "1400355"]
[EventDate "2021.05.12"]
[EventType "k.o."]

1. c4 g6 2. g3 Bg7 3. Bg2 c5 4. Nc3 Nc6 5. Nf3 e6 6. d4 cxd4 7. Nb5 d5 8. cxd5
exd5 9. O-O Nge7 10. Nbxd4 O-O 11. Be3 Re8 12. Rc1 Nf5 13. Nxc6 bxc6 14. Bg5 Qb6
15. b3 Ba6 16. Re1 Nd6 17. e3 Ne4 18. h4 h5 19. Rc2 Nc3 20. Qc1 Qa5 21. Qd2 c5
22. Kh2 Qb4 23. Rec1 d4 24. exd4 cxd4 25. Qf4 Nd5 26. Qd2 d3 27. Qxb4 Nxb4 28.
Rd2 Rac8 29. Rxc8 Rxc8 30. a3 Nc2 31. Bf1 Bc3 32. Rxc2 dxc2 33. Bxa6 Rd8 34. Bb7
Rd2 35. Nxd2 c1=Q 36. Ne4 Qc2 37. Nxc3 Qxc3 38. Bd5 Qd4 39. Bc4 Qxf2+ 40. Kh3
Qg1 41. Bd5 Kg7 42. Bf4 f6 43. b4 Qf1+ 44. Bg2 Qc4 45. Bb8 Qc8+ 0-1

[Event "MrDodgy Invitational 2"]
[Site "chess24.com INT"]
[Date "2021.05.12"]
[Round "1.8"]
[White "Nielsen, Peter Heine"]
[Black "Vidit, Santosh Gujrathi"]
[Result "0-1"]
[WhiteTitle "GM"]
[BlackTitle "GM"]
[WhiteElo "2618"]
[BlackElo "2726"]
[WhiteFideId "1400355"]
[BlackFideId "5029465"]
[EventDate "2021.05.12"]
[EventType "k.o."]

1. c4 c5 2. g3 g6 3. Bg2 Bg7 4. Nc3 Nc6 5. Nf3 d6 6. O-O Bg4 7. h3 Bxf3 8. Bxf3
e6 9. Bg2 Nge7 10. d3 O-O 11. Bd2 d5 12. Qc1 Rc8 13. Bh6 b6 14. h4 d4 15. Ne4 f5
16. Bxg7 Kxg7 17. Ng5 Qd6 18. f4 e5 19. e3 h6 20. Nf3 Rce8 21. exd4 exd4 22. Qd2
Ng8 23. Rae1 Nf6 24. Nh2 Re3 25. Rxe3 dxe3 26. Qxe3 Re8 27. Qf3 Nd4 0-1